MARC details
| 000 -LEADER |
| fixed length control field |
03419nac a22007211u 4500 |
| 010 ## - |
| -- |
87647409 |
| 020 ## - INTERNATIONAL STANDARD BOOK NUMBER |
| International Standard Book Number |
0950-6128 |
| 035 ## - SYSTEM CONTROL NUMBER |
| System control number |
(OCoLC)ocm15359635 |
| 082 00 - DEWEY DECIMAL CLASSIFICATION NUMBER |
| Classification number |
909.82 |
| Item number |
REC |
| 090 ## - LOCALLY ASSIGNED LC-TYPE CALL NUMBER (OCLC); LOCAL CALL NUMBER (OCLC) |
| -- |
9962 |
| -- |
9962 |
| 100 ## - MAIN ENTRY--PERSONAL NAME |
| Personal name |
20080729 |
| 110 ## - MAIN ENTRY--CORPORATE NAME |
| Corporate name or jurisdiction name as entry element |
Keesing's WorldWide |
| 245 00 - TITLE STATEMENT |
| Title |
Keesing's record of world events / |
| 246 30 - VARYING FORM OF TITLE |
| Title proper/short title |
Record of world events |
| 260 ## - |
| -- |
London : |
| -- |
Keesing's WorldWide, Longman, |
| 300 ## - PHYSICAL DESCRIPTION |
| Extent |
v. : |
| Other physical details |
ill., maps ; |
| Dimensions |
28 cm. |
| 336 ## - CONTENT TYPE |
| Source |
rdacontent |
| Content type term |
text |
| Content type code |
txt |
| 337 ## - MEDIA TYPE |
| Media type term |
unmediated |
| Source |
rdamedia |
| Media type code |
n |
| 338 ## - CARRIER TYPE |
| Carrier type term |
volume |
| Carrier type code |
nc |
| Source |
rdacarrier |
| 500 ## - GENERAL NOTE |
| General note |
"Record of national and international current affairs with continually updated indexes." |
| 500 ## - GENERAL NOTE |
| General note |
Each issue carries an outline index on the back page. In addition, full cumulative subject and names indexes are published periodically in the course of a year....Instructions on using the indexes are printed inside the back cover of the binder. |
| 500 ## - GENERAL NOTE |
| General note |
Title from caption. |
| 500 ## - GENERAL NOTE |
| General note |
Donations. |
| 500 ## - GENERAL NOTE |
| General note |
Donations - AUC. |
| 505 ## - FORMATTED CONTENTS NOTE |
| Formatted contents note |
Issues: V.52, no. 1, 3, 4, 5, 6, 7/8, 9, 10, 11, 12, (2006). |
| 505 ## - FORMATTED CONTENTS NOTE |
| Formatted contents note |
Issues: V.51, no. 1, 2, 3, 4, 5, 6, 7/8, 9, 10, 11, 12, (2005). |
| 505 ## - FORMATTED CONTENTS NOTE |
| Formatted contents note |
Issues: V.49, no. 1, 3, 4, 5, 6, 7/8, 9, 10, 11, 12, (2003). |
| 505 ## - FORMATTED CONTENTS NOTE |
| Formatted contents note |
Issues: V.48, no. 1, 2, 3, 4, 5, 6, 7/8, 9, 10, 11, 12, (2002). |
| 505 ## - FORMATTED CONTENTS NOTE |
| Formatted contents note |
Issues: V.47 no. 1, 2, 3, 4, 5, 6, 7/8, 9, 10, 11, 12, (2001). |
| 505 ## - FORMATTED CONTENTS NOTE |
| Formatted contents note |
Issues: V.46 no. 1, 2, 3, 5, 6, 7/8, 9, 10, 11, 12, (2000). |
| 505 ## - FORMATTED CONTENTS NOTE |
| Formatted contents note |
Issues: V.36 no. 1, 2, 3, 4, 5, 6, 7-8, 9, 10, 11, 12, (1990). |
| 505 ## - FORMATTED CONTENTS NOTE |
| Formatted contents note |
Issues: V.35 no. 1, 2, 3, 4, 5, 6, 7-8, 9, 10, 11, 12, (1989). |
| 505 ## - FORMATTED CONTENTS NOTE |
| Formatted contents note |
Issues: V.xxxiv no. 2, 3, 4, 5, 6, 7, 8, 9, 10, 11, (1988). |
| 505 ## - FORMATTED CONTENTS NOTE |
| Formatted contents note |
Issues: V.xxxiii no. 2, 3, 4, 5, 6, 7, 8, 9, 10, 11, (1987). |
| 505 ## - FORMATTED CONTENTS NOTE |
| Formatted contents note |
Issues: V.xxxi no. 1, 2, 3, 4, 5, 7, 8, 9, 10, 11, 12, (1985). |
| 505 ## - FORMATTED CONTENTS NOTE |
| Formatted contents note |
Issues: V.xxx no. 1, 2, 3, 4, 5, 6, 7, 8, 9, 10, 11, 12, (1984). |
| 505 ## - FORMATTED CONTENTS NOTE |
| Formatted contents note |
Issues: V.xxix no. 1, 2, 3, 4, 5, 6, 7, 8, 9, 10, 11, 12, (1983). |
| 505 ## - FORMATTED CONTENTS NOTE |
| Formatted contents note |
Issues: V.xxviii no. 1, 2, 3, 4, 5, 6, 7, 8, 9, 10, 11, 12, (1982). |
| 505 ## - FORMATTED CONTENTS NOTE |
| Formatted contents note |
Issues: V.38 no.1,2,3,4,5,6,7,8,9,11,12, (1992) |
| 505 ## - FORMATTED CONTENTS NOTE |
| Formatted contents note |
Issues: V.45 no 1,2,3,4,5,6,7,8,9,10,11,12, (1999) |
| 505 ## - FORMATTED CONTENTS NOTE |
| Formatted contents note |
Issues: V.37 no.1,2,3,4,5,6,7,8,9,10,11,12, (1991) |
| 505 ## - FORMATTED CONTENTS NOTE |
| Formatted contents note |
Issues: V.47no.1,2,3,4,5,6,7,8,9,10,11,12, (2001) |
| 505 ## - FORMATTED CONTENTS NOTE |
| Formatted contents note |
Issues: V.39 no. 1,2,3,4,5,6,9,10,11,12, (1993) |
| 505 ## - FORMATTED CONTENTS NOTE |
| Formatted contents note |
Issues:V.41 no.1,2,3,4,5,7,8,9,10,11,12, (1995) |
| 505 ## - FORMATTED CONTENTS NOTE |
| Formatted contents note |
Issues:V.40 no.1,2,3,4,5,6,7,8,9,10,11,12, (1995) |
| 505 ## - FORMATTED CONTENTS NOTE |
| Formatted contents note |
Issues:V.43 no.1,2,3,4,5,6,7,8,9,10,11,12, (1997) |
| 505 ## - FORMATTED CONTENTS NOTE |
| Formatted contents note |
Issues:V.42 no.1,2,3,4,5,6,7,8,9,10,11,12, (1996) |
| 505 ## - FORMATTED CONTENTS NOTE |
| Formatted contents note |
Issues:V.44 no.1,2,3,4,5,6,7,8,9,10,12, (1998) |
| 511 ## - |
| -- |
Catalogued by: Sara. |
| 511 ## - |
| -- |
Catalogued By : Mahitab. |
| 650 #0 - SUBJECT ADDED ENTRY--TOPICAL TERM |
| Topical term or geographic name as entry element |
World politics |
| Form subdivision |
Periodicals. |
| 650 #0 - SUBJECT ADDED ENTRY--TOPICAL TERM |
| Topical term or geographic name as entry element |
World politics |
| Form subdivision |
Periodicals. |
| 650 #0 - SUBJECT ADDED ENTRY--TOPICAL TERM |
| Topical term or geographic name as entry element |
History |
| Form subdivision |
Periodicals. |
| 650 #0 - SUBJECT ADDED ENTRY--TOPICAL TERM |
| Topical term or geographic name as entry element |
Current events |
| Form subdivision |
Periodicals. |
| 650 #0 - SUBJECT ADDED ENTRY--TOPICAL TERM |
| Topical term or geographic name as entry element |
World politics |
| Form subdivision |
Periodicals. |
| 650 #0 - SUBJECT ADDED ENTRY--TOPICAL TERM |
| Topical term or geographic name as entry element |
Wereldgeschiedenis. |
| 650 #0 - SUBJECT ADDED ENTRY--TOPICAL TERM |
| Topical term or geographic name as entry element |
Politieke kwesties. |
| 650 #0 - SUBJECT ADDED ENTRY--TOPICAL TERM |
| Topical term or geographic name as entry element |
Politique mondiale |
| Form subdivision |
PeÌ?riodiques. |
| 650 #0 - SUBJECT ADDED ENTRY--TOPICAL TERM |
| Topical term or geographic name as entry element |
Histoire |
| Form subdivision |
PeÌ?riodiques. |
| 650 #0 - SUBJECT ADDED ENTRY--TOPICAL TERM |
| Topical term or geographic name as entry element |
ActualiteÌ? |
| Form subdivision |
PeÌ?riodiques. |
| 650 #0 - SUBJECT ADDED ENTRY--TOPICAL TERM |
| Topical term or geographic name as entry element |
Politique mondiale |
| Form subdivision |
PeÌ?riodiques. |
| 942 ## - ADDED ENTRY ELEMENTS (KOHA) |
| Koha item type |
NB - Book (Non borrowing) |
| Call number prefix |
909.82REC |
| Classification part |
RDA-MOD |